|
|
|
|
| LEADER |
00694nab a2200181 i 4500 |
| 001 |
acta1696 |
| 005 |
20210421101659.0 |
| 008 |
161015s1988 hu o 0|| ita d |
| 022 |
|
|
|a 0567-8099
|
| 040 |
|
|
|a SZTE Egyetemi Kiadványok Repozitórium
|b hun
|
| 041 |
|
|
|a ita
|
| 100 |
1 |
|
|a Benedek Nándor
|
| 245 |
1 |
4 |
|a Gli aggettivi e gli avverbi composti della lingua italiana contemporanea
|h [elektronikus dokumentum] /
|c Benedek Nándor
|
| 260 |
|
|
|c 1988
|
| 300 |
|
|
|a 53-65
|
| 490 |
0 |
|
|a Acta Universitatis Szegediensis de Attila József Nominatae : acta romanica
|v 12
|
| 695 |
|
|
|a Nyelvtudomány - olasz - tanulmány
|
| 856 |
4 |
0 |
|u http://acta.bibl.u-szeged.hu/1696/1/romanica_012_053-065.pdf
|z Dokumentum-elérés
|